Every Better Call Saul Episode - Statistics

General Stats
  • This quiz has been taken 2 times
  • The average score is 5 of 63
Answer Stats
Episode Answer % Correct
S1 E3 Nacho
100%
S1 E7 Bingo
50%
S3 E5 Chicanery
50%
S1 E6 Five-O
50%
S1 E4 Hero
50%
S6 E13 Saul Gone
50%
S4 E7 Something Stupid
50%
S1 E1 Uno
50%
S5 E2 50% off
0%
S1 E5 Alpine Shepard Boy
0%
S2 E3 Amarillo
0%
S6 E6 Axe and Grind
0%
S5 E9 Bad Choice Road
0%
S5 E8 Bagman
0%
S2 E6 Bali Ha'i
0%
S6 E5 Black and Blue
0%
S6 E11 Breaking Bad
0%
S4 E2 Breathe
0%
S6 E2 Carrot and Stick
0%
S2 E2 Cobbler
0%
S4 E8 Coushatta
0%
S5 E5 Dedicado a Max
0%
S3 E7 Expenses
0%
S3 E9 Fall
0%
S2 E8 Fifi
0%
S6 E9 Fun and Games
0%
S2 E4 Gloves Off
0%
S6 E4 Hit and Run
0%
S2 E7 Inflatable
0%
S5 E7 JMM
0%
S2 E10 Klick
0%
S3 E10 Lantern
0%
S3 E1 Mabel
0%
S5 E1 Magic Man
0%
S1 E10 Marco
0%
S1 E2 Mjio
0%
S2 E9 Nailed
0%
S5 E4 Namaste
0%
S6 E10 Nippy
0%
S3 E6 Off Brand
0%
S1 E9 Pimento
0%
S4 E6 Pinata
0%
S6 E7 Plan and Execution
0%
S6 E8 Point and Shoot
0%
S4 E5 Quite a Ride
0%
S2 E5 Rebecca
0%
S1 E8 RICO
0%
S6 E3 Rock and Hard Place
0%
S3 E4 Sabrosito
0%
S3 E8 Slip
0%
S4 E1 Smoke
0%
S4 E3 Something Beautiful
0%
S5 E10 Something Unforgivable
0%
S3 E3 Sunk Costs
0%
S2 E1 Switch
0%
S4 E4 Talk
0%
S5 E3 The Guy For This
0%
S6 E12 Waterworks
0%
S5 E6 Wexler V. Goodman
0%
S4 E9 Wiedersehen
0%
S6 E1 Wine and Roses
0%
S4 E10 Winner
0%
S3 E2 Witness
0%
No matching quizzes found
Score Distribution
Percent of People with Each Score
Percentile by Number Answered
Your Score History
You have not taken this quiz